000 00207 a2200097 4500
001 35022
100 _aHeld Gilbert
245 _aIBM PC at User's Ref manual
260 _aND
_bBPB
_c
090 _c23171
_d23171
942 _aNUST-CAE
_cM
_c14638
999 _c270095
_d270095